000 00756nam a22002417a 4500
005 20170124105947.0
010 _aB-91860
020 _c00
_a8122414311
035 _aB-91860
037 _bCen Lib/Ret
040 _aDPL
_bEN
082 _a330
_bMUK
100 _aMukherjee, Sampat
_9108246
245 _aEconomics for C.A. professional education cource-1 /
_cby Sampat Mukherjee, Amitava Ghose
246 _b
260 _bNew Age International Publishers
_c2002
_aNew Delhi
270 _bNew Delhi
_a4835/24, ansari road, dariya ganj
_e110002
300 _a542p. ;
_c23cm(Hb)
_bill.
650 _aEconomics
_9108247
650 _aBasic principles
_9108248
700 _aGhose, Amitava
_97339
942 _2ddc
_cEN
_h330
_mMUK
999 _c125021
_d125021